书目信息 |
| 题名: |
世界课程改革趋势研究
|
|
| 作者: | 钟启泉 , 张华 主编 | |
| 分册: | 中卷 课程改革国别研究 | |
| 出版信息: | 北京 北京师范大学出版社 2001 |
|
| 页数: | 293-712页 | |
| 开本: | 23cm | |
| 丛书名: | ||
| 单 册: | ||
| 中图分类: | G423.07 | |
| 科图分类: | ||
| 主题词: | 课程--教学改革--研究--世界 , CT--S043842--课程 , CT--S038765--教学改革 | |
| 电子资源: | ||
| ISBN: | 7-303-05868-0 | |
| 000 | 01043nam0 2200277 45 | |
| 001 | 1570041810 | |
| 005 | 20150131192826.18 | |
| 010 | @a7-303-05868-0@dCNY33.40,CNY100.00(全三册) | |
| 100 | @a20020118d2001 emky0chiy0110 ea | |
| 101 | 0 | @achi |
| 102 | @aCN@b110000 | |
| 105 | @ay z 000yy | |
| 200 | 1 | @a世界课程改革趋势研究@9shi jie ke cheng gai ge qu shi yan jiu@h中卷@i课程改革国别研究@f钟启泉,张华主编 |
| 210 | @a北京@c北京师范大学出版社@d2001 | |
| 215 | @a293-712页@d23cm | |
| 300 | @a国家基础教育课程改革项目 | |
| 330 | @a本卷对基础教育语文课程发展的现状与趋势,基础教育数学课程发展的现状与趋势,基础教育外语课程发展的现状与趋势,基础教育物理课程发展的现状与趋势等问题进行了研究。 | |
| 517 | 1 | @a课程改革国别研究@Ake cheng gai ge guo bie yan jiu |
| 606 | 0 | @a课程@x教学改革@x研究@y世界 |
| 606 | 0 | @2CT@3S043842@a课程 |
| 606 | 0 | @2CT@3S038765@a教学改革 |
| 690 | @aG423.07@v4 | |
| 701 | 0 | @a钟启泉@9zhong qi quan@4主编 |
| 701 | 0 | @a张华@9zhang hua@4主编 |
| 801 | 0 | @aCN@bTSSF@c20150131 |
| 905 | @aZUCC@dG423.07@eJY1:2 | |
| 世界课程改革趋势研究.中卷.课程改革国别研究/钟启泉,张华主编.-北京:北京师范大学出版社,2001 |
| 293-712页;23cm |
| 国家基础教育课程改革项目 |
| ISBN 7-303-05868-0:CNY33.40,CNY100.00(全三册) |
| 本卷对基础教育语文课程发展的现状与趋势,基础教育数学课程发展的现状与趋势,基础教育外语课程发展的现状与趋势,基础教育物理课程发展的现状与趋势等问题进行了研究。 |
| ● |
| 相关链接 |
|
|
|
|
正题名:世界课程改革趋势研究
索取号:G423.07/JY1:2
 
预约/预借
| 序号 | 登录号 | 条形码 | 馆藏地/架位号 | 状态 | 备注 |
| 1 | 7857624 | 278576248 | 学院路分馆/ [索取号:G423.07/JY1:2] | 在馆 |